[Event "Bad Pyrmont Pape op-B 2nd"]
[Site "Bad Pyrmont"]
[Date "2023.08.13"]
[Round "7"]
[White "Wilkes, Guenter W"]
[Black "Zweck, Gerhard"]
[Result "1-0"]
[WhiteElo "1824"]
[BlackElo "1405"]
[PlyCount "105"]
[EventDate "2023.08.10"]
[EventType "swiss"]
[EventCountry "GER"]
[SourceTitle "EXT 2024"]
[Source "ChessBase"]
[SourceDate "2023.10.10"]
[SourceVersion "1"]
[SourceVersionDate "2023.10.10"]
[SourceQuality "1"]

1. e4 e6 2. Nf3 Nf6 3. e5 Ng8 4. d4 c5 5. c3 Qb6 6. Qb3 Nc6 7. Qxb6 axb6 8. Be3 Nh6 9. Bd3 Ng4 10. 0-0 Nxe3 11. fxe3 Be7 12. Nbd2 Na7 13. a4 h6 14. Nc4 Bd8 15. Nd6+ Ke7 16. Be4 Rb8 17. Nd2 f5 18. Bd3 Nc6 19. Nf3 Bc7 20. Nh4 Bxd6 21. Ng6+ Ke8 22. Nxh8 Be7 23. Ng6 Bg5 24. Nf4 Na5 25. Ra3 c4 26. Bc2 Kf7 27. g3 g6 28. Kf2 h5 29. Nh3 Be7 30. Raa1 d5 31. Nf4 Bd7 32. Rfb1 Rh8 33. h4 Rc8 34. Ne2 g5 35. hxg5 Bxg5 36. Rh1 Rh8 37. Nf4 h4 38. gxh4 Bxh4+ 39. Kf3 Nc6 40. Ng2 Nxe5+ 41. dxe5 d4 42. Rxh4 Bc6+ 43. Kf2 Rg8 44. e4 d3 45. Bd1 fxe4 46. Bh5+ Ke7 47. Nf4 Rg5 48. Rg4 Rf5 49. Ke3 Bd7 50. a5 b5 51. a6 bxa6 52. Rxa6 Bc8 53. Ra7+ 1-0

[Event "Bad Pyrmont Pape op-B 2nd"]
[Site "Bad Pyrmont"]
[Date "2023.08.13"]
[Round "6"]
[White "Zweck, Gerhard"]
[Black "Golke, Philipp"]
[Result "1-0"]
[WhiteElo "1405"]
[BlackElo "1347"]
[PlyCount "103"]
[EventDate "2023.08.10"]
[EventType "swiss"]
[EventCountry "GER"]
[SourceTitle "EXT 2024"]
[Source "ChessBase"]
[SourceDate "2023.10.10"]
[SourceVersion "1"]
[SourceVersionDate "2023.10.10"]
[SourceQuality "1"]

1. d4 d5 2. c4 e6 3. Nc3 Nf6 4. e3 Nbd7 5. Nf3 Bb4 6. a3 Bxc3+ 7. bxc3 b6 8. cxd5 exd5 9. Bd3 Bb7 10. Bd2 c5 11. 0-0 c4 12. Bc2 0-0 13. Re1 Re8 14. a4 a6 15. Rb1 Qc7 16. Rb2 Bc6 17. h3 h6 18. Qb1 b5 19. axb5 Bxb5 20. Bc1 Qc6 21. Ra2 Ne4 22. Bd2 Nxd2 23. Nxd2 Reb8 24. Qd1 Qd6 25. e4 Nb6 26. e5 Qe7 27. Nf3 a5 28. Qe2 Bd7 29. Nh2 a4 30. f4 a3 31. f5 Na4 32. Qf3 Nb6 33. f6 gxf6 34. Qg3+ Kh8 35. exf6 Qxf6 36. Rf1 Qg7 37. Qf3 Be6 38. Ng4 Bxg4 39. hxg4 Rf8 40. Qf6 Nd7 41. Qf5 Nb6 42. Rf3 Ra5 43. Rh3 Re8 44. Qf4 Re6 45. g5 Re1+ 46. Kh2 Ra8 47. Rxh6+ Kg8 48. Rxb6 Ree8 49. Rh6 Re2 50. Bh7+ Kf8 51. Rxe2 a2 52. Qd6# 1-0

[Event "Bad Pyrmont Pape op-B 2nd"]
[Site "Bad Pyrmont"]
[Date "2023.08.10"]
[Round "1"]
[White "Krain, Rafael"]
[Black "Zweck, Gerhard"]
[Result "1-0"]
[WhiteElo "1734"]
[BlackElo "1405"]
[PlyCount "81"]
[EventDate "2023.08.10"]
[EventType "swiss"]
[EventCountry "GER"]
[SourceTitle "EXT 2024"]
[Source "ChessBase"]
[SourceDate "2023.10.10"]
[SourceVersion "1"]
[SourceVersionDate "2023.10.10"]
[SourceQuality "1"]

1. d4 Nf6 2. Bf4 e6 3. e3 Nc6 4. Nf3 Be7 5. h3 d5 6. c3 Bd7 7. Be2 Ne4 8. Nbd2 Nxd2 9. Qxd2 Bf6 10. 0-0 h6 11. c4 Ne7 12. Rac1 c6 13. c5 g5 14. Bh2 Rg8 15. Ne5 Ng6 16. Nxg6 fxg6 17. f4 Qe7 18. fxg5 hxg5 19. Rf3 0-0-0 20. Qa5 e5 21. Qxa7 g4 22. Rxf6 Bf5 23. Rxc6+ Kd7 24. Qxb7+ Ke8 25. Qxe7+ Kxe7 26. Rc7+ Kf8 27. hxg4 Be6 28. Rf1+ Ke8 29. Bb5+ Bd7 30. Bxd7+ Rxd7 31. Bxe5 Kd8 32. Rxd7+ Kxd7 33. b4 Kc6 34. a4 Ra8 35. b5+ Kd7 36. c6+ Ke6 37. c7 g5 38. b6 Kd7 39. b7 Re8 40. Rf7+ Ke6 41. Rf6+ 1-0

[Event "Verden op-B"]
[Site "Verden"]
[Date "2023.01.05"]
[Round "1"]
[White "Axt, Christian"]
[Black "Zweck, Gerhard"]
[Result "1-0"]
[WhiteElo "1724"]
[BlackElo "1455"]
[PlyCount "71"]
[EventDate "2023.01.05"]
[EventType "swiss"]
[EventRounds "7"]
[EventCountry "GER"]
[SourceTitle "CBM 212 Extra"]
[Source "ChessBase"]
[SourceDate "2023.03.31"]
[SourceVersion "1"]
[SourceVersionDate "2023.03.31"]
[SourceQuality "1"]

1. b4 e5 2. Bb2 d6 3. c4 Nf6 4. e3 Be7 5. Nf3 0-0 6. Be2 b6 7. 0-0 Bb7 8. d3 Nbd7 9. Nc3 c6 10. Qb3 h6 11. Rfd1 Qc7 12. Rac1 a6 13. Nd2 c5 14. a3 Rfd8 15. d4 exd4 16. exd4 cxd4 17. Nd5 Bxd5 18. cxd5 Qb7 19. Bxd4 Rdc8 20. Bf3 b5 21. Rc6 Ne5 22. Bxe5 dxe5 23. Rdc1 Rxc6 24. dxc6 Qc7 25. g3 Rd8 26. Ne4 Nxe4 27. Bxe4 Rd4 28. Bd5 Bf6 29. Bxf7+ Kf8 30. Bg6 Bg5 31. Qe6 Rd8 32. f4 exf4 33. gxf4 Bf6 34. Kg2 Bh4 35. Rd1 Qa7 36. Rxd8+ 1-0

[Event "Niedersachsen-ch op-B"]
[Site "Verden an der Aller"]
[Date "2020.01.04"]
[Round "6"]
[White "Zweck, Gerhard"]
[Black "Nordhorn, Horst"]
[Result "0-1"]
[WhiteElo "1475"]
[BlackElo "1686"]
[PlyCount "88"]
[EventDate "2020.01.02"]
[EventType "swiss"]
[EventRounds "7"]
[EventCountry "GER"]
[SourceTitle "EXT 2023"]
[Source "ChessBase"]
[SourceDate "2022.10.05"]
[SourceVersion "1"]
[SourceVersionDate "2022.10.05"]
[SourceQuality "1"]

1. d4 f5 2. Bg5 g6 3. Nc3 Bg7 4. e3 Nf6 5. Bxf6 Bxf6 6. Nd5 Bg7 7. Bc4 c6 8. Nf4 d5 9. Bd3 0-0 10. Nf3 e6 11. h4 Qf6 12. c3 Nd7 13. g3 e5 14. dxe5 Nxe5 15. Nxe5 Qxe5 16. Qc2 Be6 17. 0-0-0 Bf7 18. Kb1 b5 19. a3 a5 20. h5 Rfb8 21. Be2 Qe7 22. hxg6 hxg6 23. Nd3 c5 24. Kc1 b4 25. Kd2 bxc3+ 26. bxc3 c4 27. Nf4 Rb3 28. Ke1 Qe4 29. Qxe4 dxe4 30. Nxg6 Bxc3+ 31. Kf1 Bf6 32. Nh4 Rd8 33. Rxd8+ Bxd8 34. Kg2 Bxh4 35. Rxh4 Rxa3 36. g4 Ra2 37. Bf1 c3 38. Rh6 c2 39. Rc6 fxg4 40. Bc4 Bxc4 41. Rxc4 a4 42. Kg3 a3 43. Kf4 Rb2 44. Kxe4 a2 0-1

[Event "Niedersachsen-ch Seniors"]
[Site "Lehrte"]
[Date "2019.07.22"]
[Round "3"]
[White "Zweck, Gerhard"]
[Black "Pape, Kurt"]
[Result "1/2-1/2"]
[WhiteElo "1525"]
[BlackElo "1774"]
[PlyCount "71"]
[EventDate "2019.07.20"]
[EventType "swiss"]
[EventRounds "7"]
[EventCountry "GER"]
[SourceTitle "EXT 2023"]
[Source "ChessBase"]
[SourceDate "2022.10.05"]
[SourceVersion "1"]
[SourceVersionDate "2022.10.05"]
[SourceQuality "1"]

1. Nf3 Nf6 2. g3 d5 3. Bg2 c5 4. 0-0 Nc6 5. d4 cxd4 6. Nxd4 e5 7. Nf3 h6 8. c4 dxc4 9. Qa4 Bd7 10. Qxc4 Rc8 11. Nc3 Be6 12. Qh4 Be7 13. Bg5 0-0 14. Bxf6 Bxf6 15. Qe4 Qa5 16. Nd2 b6 17. Nb3 Qb4 18. Nd5 Bxd5 19. Qxd5 Rfd8 20. Qe4 Qxe4 21. Bxe4 Nd4 22. Nxd4 Rxd4 23. f3 Rd2 24. Rac1 Rcd8 25. Bd3 Rxb2 26. Rc7 a5 27. Rfc1 e4 28. Bc4 exf3 29. Rxf7 Kh8 30. exf3 Bd4+ 31. Kh1 Bc5 32. Rf5 Rdd2 33. Rh5 b5 34. Bf7 Rbc2 35. Rxc5 Rxh2+ 36. Kg1 1/2-1/2

[Event "Niedersachsen-ch Seniors"]
[Site "Lehrte"]
[Date "2019.07.20"]
[Round "1"]
[White "Zweck, Gerhard"]
[Black "Kempin, Ingwald"]
[Result "1/2-1/2"]
[WhiteElo "1525"]
[BlackElo "1590"]
[PlyCount "48"]
[EventDate "2019.07.20"]
[EventType "swiss"]
[EventRounds "7"]
[EventCountry "GER"]
[SourceTitle "EXT 2023"]
[Source "ChessBase"]
[SourceDate "2022.10.05"]
[SourceVersion "1"]
[SourceVersionDate "2022.10.05"]
[SourceQuality "1"]

1. d4 d5 2. c4 e6 3. Nc3 Nf6 4. e3 Be7 5. Nf3 Nbd7 6. cxd5 exd5 7. Bd3 c6 8. Bd2 0-0 9. Rc1 Bd6 10. h3 Re8 11. 0-0 h6 12. Re1 Ne4 13. Qc2 Ndf6 14. Ne2 g5 15. a3 g4 16. hxg4 Nxg4 17. Bxe4 dxe4 18. Ne5 Nxe5 19. dxe5 Bxe5 20. Bc3 Bb8 21. Nf4 Qg5 22. Qe2 Bg4 23. Qc4 Bf3 24. Qf1 Bg4 1/2-1/2

[Event "Niedersachsen-ch op B"]
[Site "Verden"]
[Date "2018.01.07"]
[Round "7"]
[White "Zweck, Gerhard"]
[Black "Helmer, Andreas"]
[Result "0-1"]
[WhiteElo "1532"]
[BlackElo "1503"]
[PlyCount "62"]
[EventDate "2018.01.04"]
[EventType "swiss"]
[EventRounds "7"]
[EventCountry "GER"]
[SourceTitle "EXT 2022"]
[Source "ChessBase"]
[SourceDate "2021.10.06"]
[SourceVersion "1"]
[SourceVersionDate "2021.10.06"]
[SourceQuality "1"]

1. d4 e6 2. Nc3 Bb4 3. a3 Bxc3+ 4. bxc3 Nf6 5. e3 b6 6. Nf3 Bb7 7. c4 0-0 8. Bb2 d6 9. Bd3 Nbd7 10. c3 Ne4 11. Qc2 f5 12. Rf1 Ndf6 13. 0-0-0 Qe8 14. Nh4 Bc6 15. Rde1 Qh5 16. g3 g5 17. Be2 Qe8 18. Nf3 Ba4 19. Qb1 h6 20. Nd2 Rb8 21. f3 Nxd2 22. Kxd2 c5 23. Bd1 Rb7 24. Ba1 Bxd1 25. Rxd1 Qa4 26. Qa2 Nd7 27. Rb1 Nb8 28. Rb5 a6 29. Qb3 axb5 30. Qxb5 Qxb5 31. cxb5 c4 0-1

[Event "Niedersachsen-ch op-B"]
[Site "Verden"]
[Date "2016.01.06"]
[Round "7"]
[White "Haerig, Wolfram"]
[Black "Zweck, Gerhard"]
[Result "1-0"]
[WhiteElo "1795"]
[BlackElo "1553"]
[PlyCount "47"]
[EventDate "2016.01.03"]
[EventType "swiss"]
[EventRounds "7"]
[EventCountry "GER"]
[SourceTitle "EXT 2018"]
[Source "ChessBase"]
[SourceDate "2017.10.13"]
[SourceVersion "1"]
[SourceVersionDate "2017.10.13"]
[SourceQuality "1"]

1. e4 c5 2. Nf3 Nc6 3. d4 cxd4 4. Nxd4 a6 5. Nc3 e5 6. Nb3 Nf6 7. Bg5 Be7 8. f4 exf4 9. Bxf4 d6 10. h3 b5 11. Bd3 Bb7 12. Qf3 Nb4 13. 0-0-0 Rc8 14. Kb1 Nxd3 15. Qxd3 b4 16. Nd5 Nxd5 17. exd5 0-0 18. g4 a5 19. Qb5 Qc7 20. Rh2 Ra8 21. Nd4 Rfb8 22. Nc6 Ba6 23. Qxa5 Qxa5 24. Nxa5 1-0

[Event "Niedersachsen-ch op-B"]
[Site "Verden"]
[Date "2016.01.03"]
[Round "1"]
[White "Zweck, Gerhard"]
[Black "Bischoff, Norbert"]
[Result "0-1"]
[WhiteElo "1553"]
[BlackElo "1596"]
[PlyCount "84"]
[EventDate "2016.01.03"]
[EventType "swiss"]
[EventRounds "7"]
[EventCountry "GER"]
[SourceTitle "EXT 2018"]
[Source "ChessBase"]
[SourceDate "2017.10.13"]
[SourceVersion "1"]
[SourceVersionDate "2017.10.13"]
[SourceQuality "1"]

1. Nf3 d5 2. d4 Nf6 3. g3 c6 4. Bg2 e6 5. 0-0 Nbd7 6. Nbd2 Bd6 7. c4 0-0 8. Re1 Re8 9. Qc2 e5 10. cxd5 cxd5 11. dxe5 Nxe5 12. Nxe5 Bxe5 13. Nf3 Bd6 14. Bg5 a6 15. Bxf6 Qxf6 16. e3 Be6 17. Red1 Rac8 18. Qd2 Rc5 19. Rac1 Rec8 20. Rxc5 Rxc5 21. Nd4 Qg6 22. e4 Be7 23. Nb3 Rc4 24. exd5 Bg4 25. Rc1 Bg5 26. f4 Qb6+ 27. Kh1 Rxc1+ 28. Qxc1 Be7 29. h3 Bd7 30. Qe1 Bd6 31. Qa5 Qe3 32. Qd8+ Qe8 33. Qxe8+ Bxe8 34. Na5 b5 35. Nb7 Bb4 36. a3 Bf8 37. h4 g6 38. Bh3 Bg7 39. Nd6 Kf8 40. b3 Bb2 41. a4 bxa4 42. Nxe8 a3 0-1